00656 a2200145 4500003000500000005001700005040000900022082001000031245006800041260004000109300001100149505030000160538003200460650001800492Nust20170207154215.0 cNust a378.4 aSouth Bank University-UG prospectus 2000cSouth Bank University aLondonbSouth Bank Universityc2000 a224 p. aStudent Life @ South Bank (Page-5) The Built Environment (Page-41) Business and Management (Page-67) Combined Honours (Page-93) Computing (page-113) Design and Technology (Page-123) Engineering (Page-139) Health (Page-157) Humanities (Page-175) Science (Page-191) Further Information (Page-213)  aAlmirah No. 117 shelf No. 2 aUG Prospectus